Ricardo III /

En el centro del drama se halla el personaje del usurpador Ricardo, duque de Gloucester, aparecido ya en Enrique IV. Ricardo, escondiendo bajo benignas apariencias sus diabólicos planes, hace que su hermano Eduardo IV sospeche del otro hermano, Jorge, duque de Clarence, y lo ponga en prisión; luego...

Full description

Bibliographic Details
Main Author: Shakespeare, William 1564-1616
Format: Libro
Language:Spanish
Published: Madrid Edaf 2001
Edition:4a.ed.
Subjects:
Online Access:

MARC

LEADER 00000cam a2200000 a 4500
001 021058
003 UAHC_CL
005 20170803121942.0
008 120927s2001 sp 000 1 spa
020 |a 8441402086 
040 |a UAHC_CL  |c UAHC_CL  |d UAHC_CL 
082 0 4 |a 822.33  |b S527  |2 20 
100 1 |a Shakespeare, William  |d 1564-1616 
245 1 0 |a Ricardo III /  |c Wiliam Shakespeare. 
250 |a 4a.ed. 
260 |b Edaf  |a Madrid  |c 2001 
300 |a 195 p. 
520 |a En el centro del drama se halla el personaje del usurpador Ricardo, duque de Gloucester, aparecido ya en Enrique IV. Ricardo, escondiendo bajo benignas apariencias sus diabólicos planes, hace que su hermano Eduardo IV sospeche del otro hermano, Jorge, duque de Clarence, y lo ponga en prisión; luego hace que sus sicarios lo maten y arrojen a una cuba de malvasía. 
650 4 |a DRAMAS INGLESES 
900 |a 822.33 SHAR 
942 |c BK 
952 |0 0  |1 0  |4 0  |6 822_330000000000000_SHAR  |7 0  |8 General  |9 41981  |a BC  |b BC  |c General  |d 2017-08-03  |l 0  |o 822.33 SHAR  |p 1401564  |r 2025-11-26 00:00:00  |t 1  |w 2017-08-03  |y BK 
952 |0 0  |1 0  |2 ddc  |4 0  |6 822_330000000000000_SHAR  |7 0  |8 COMP  |9 41982  |a BS  |b BS  |c General  |d 2017-08-03  |l 1  |o 822.33 SHAR  |p 1401565  |r 2025-11-26 00:00:00  |s 2021-01-15  |t 1  |w 2017-08-03  |y BKL 
999 |c 21058  |d 21058